| 000 | 00764nam a22001817a 4500 | ||
|---|---|---|---|
| 003 | UA-OsUOA | ||
| 001 | 18360 | ||
| 007 | ta | ||
| 008 | 20040504b un ||||| |||| 00| 0 ukr d | ||
| 100 | _aМіщук В.Г. | ||
| 942 | _cSA | ||
| 040 |
_aUA-OsUOA _cUA-OsUOA _dUA-OsUOA |
||
| 245 | _aЗеленіють ліси, даруючи радість: [З нагоди 30-річного ювілею ССВК "Радивилівський лісгосп", його кер., деп. Радивилів. район. ради В.Г. Міщук розповідає про діяльн. п-ва] | ||
| 300 | _aС.2 | ||
| 955 | _a0 | ||
| 773 | 0 |
_w0 _tПрапор перемоги _dРадивилів _d2004 _g№31/16 квіт./ |
|
| 650 | 7 |
_aДержлісгоспи _2UDC |
|
| 999 |
_c304531 _d304531 |
||